|
|
|
|
| LEADER |
00000n m0a2200000 4500 |
| 001 |
121796 |
| 005 |
20231031125631.0 |
| 035 |
|
|
|a (RuTPU)RU\TPU\book\131898
|
| 090 |
|
|
|a 121796
|
| 100 |
|
|
|a 20070920d1976 m y0rusy50 ca
|
| 101 |
0 |
|
|a rus
|
| 102 |
|
|
|a RU
|
| 105 |
|
|
|a a j 001zy
|
| 200 |
1 |
|
|a Контроль и автоматизация добычи нефти и газа
|e учебник
|f Р. Я. Исакович, Б. Л. Кучин, В. Е. Попадько
|
| 210 |
|
|
|a Москва
|c Недра
|d 1976
|
| 215 |
|
|
|a 344 с.
|c ил.
|
| 320 |
|
|
|a Библиогр.: с. 339-340.
|
| 451 |
|
1 |
|0 (RuTPU)RU\TPU\book\92702
|t Контроль и автоматизация добычи нефти и газа
|o учебник для техникумов
|f Р. Я. Исакович, В. Е. Попадько
|e 2-е изд., перераб. и доп.
|c Москва
|n Недра
|d 1985
|p 351 с.
|a Исакович, Роман Яковлевич
|
| 451 |
|
1 |
|0 (RuTPU)RU\TPU\book\101974
|t Контроль и автоматизация добычи нефти
|o учебное пособие
|f Р. Я. Исакович
|c М.
|n Гостоптехиздат
|d 1959
|p 400 с.
|a Исакович, Роман Яковлевич
|
| 610 |
1 |
|
|a контроль
|
| 610 |
1 |
|
|a автоматизация
|
| 610 |
1 |
|
|a добыча
|
| 610 |
1 |
|
|a нефть
|
| 610 |
1 |
|
|a газ
|
| 610 |
1 |
|
|a учебники
|
| 610 |
1 |
|
|a информационные системы
|
| 610 |
1 |
|
|a измерение
|
| 610 |
1 |
|
|a регулирование
|
| 610 |
1 |
|
|a управление
|
| 675 |
|
|
|a 622.32:65.011.56(075.32)
|v 3
|
| 700 |
|
1 |
|a Исакович
|b Р. Я.
|g Роман Яковлевич
|
| 701 |
|
1 |
|a Кучин
|b Б. Л.
|g Борис Леонидович
|
| 701 |
|
1 |
|a Попадько
|b В. Е.
|g Владимир Ефимович
|
| 801 |
|
1 |
|a RU
|b 63413507
|c 20070920
|g PSBO
|
| 801 |
|
2 |
|a RU
|b 63413507
|c 20151124
|g PSBO
|
| 942 |
|
|
|c BK
|